[Event "35. Open Ciutat de Badalona"]
[Site "Badalona ESP"]
[Date "2009.08.01"]
[Round "1.1"]
[White "Peralta, Fernando"]
[Black "Tallo Dominguez, Imar"]
[Result "1-0"]
[WhiteElo "2574"]
[BlackElo "2124"]
[PlyCount "65"]
[EventDate "2009.08.01"]
[EventType "swiss"]
[EventRounds "9"]
[EventCountry "ESP"]
[Source "lmi"]
[SourceDate "2009.08.01"]

1. d4 Nf6 2. c4 e6 3. Nc3 Bb4 4. e3 O-O 5. Bd3 c5 6. Nf3 b6 7. O-O Bb7 8. Na4
cxd4 9. exd4 d5 10. c5 bxc5 11. a3 c4 12. axb4 cxd3 13. Qxd3 Qe8 14. b5 Ne4 15.
Nc5 Nxc5 16. dxc5 a6 17. Ng5 f5 18. Bf4 h6 19. c6 Bxc6 20. bxc6 hxg5 21. Bd6
Rf7 22. c7 Nc6 23. Rxa6 Rc8 24. Qb5 Ne7 25. Qxe8+ Rxe8 26. Rc1 Nc8 27. Be5 Rd7
28. b4 d4 29. b5 Rd5 30. b6 d3 31. b7 d2 32. Rd1 Rxe5 33. Raa1 1-0

[Event "35. Open Ciutat de Badalona"]
[Site "Badalona ESP"]
[Date "2009.08.01"]
[Round "1.2"]
[White "Ridameya Tatche, Jose Miguel"]
[Black "Narciso Dublan, Marc"]
[Result "0-1"]
[WhiteElo "2123"]
[BlackElo "2553"]
[PlyCount "74"]
[EventDate "2009.08.01"]
[EventType "swiss"]
[EventRounds "9"]
[EventCountry "ESP"]
[Source "lmi"]
[SourceDate "2009.08.01"]

1. c4 e5 2. Nc3 Nf6 3. Nf3 Nc6 4. d4 exd4 5. Nxd4 Bb4 6. a3 Bxc3+ 7. bxc3 O-O
8. Bg5 Ne5 9. e3 h6 10. Bh4 d6 11. Be2 Ng6 12. Bg3 Ne4 13. Bd3 Nxg3 14. hxg3
Ne5 15. Be2 Nd7 16. Bf3 Nc5 17. Rb1 c6 18. O-O Be6 19. Be2 Qc7 20. Qc2 Rad8 21.
f4 Rfe8 22. f5 Bc8 23. Rf3 Ne4 24. f6 Nxf6 25. Rbf1 Qa5 26. Rf4 Rxe3 27. Bd3
Rxg3 28. Rf5 Bxf5 29. Rxf5 Qxa3 30. Rxf6 gxf6 31. Nf5 Qc5+ 32. Kh2 Rg5 33.
Nxh6+ Kg7 34. Nf5+ Rxf5 35. Bxf5 Qe5+ 36. Kg1 Re8 37. Bh3 Qg3 0-1

[Event "35. Open Ciutat de Badalona"]
[Site "Badalona ESP"]
[Date "2009.08.01"]
[Round "1.3"]
[White "Cruz, Cristhian"]
[Black "Ortega Serra, Marc"]
[Result "1-0"]
[WhiteElo "2525"]
[BlackElo "2121"]
[PlyCount "43"]
[EventDate "2009.08.01"]
[EventType "swiss"]
[EventRounds "9"]
[EventCountry "ESP"]
[Source "lmi"]
[SourceDate "2009.08.01"]

1. d4 Nf6 2. c4 e6 3. Nc3 Bb4 4. Qc2 c5 5. dxc5 Bxc5 6. Nf3 O-O 7. Bg5 Nc6 8.
e3 a6 9. Be2 Qc7 10. O-O b6 11. Rfd1 Bb7 12. Bf4 e5 13. Bg5 Ne7 14. a3 Ng6 15.
Bxf6 gxf6 16. Qf5 Be7 17. h4 Rfd8 18. h5 Nf8 19. Nh4 d6 20. Nd5 Bxd5 21. cxd5
Qc8 22. Qe4 1-0

[Event "35. Open Ciutat de Badalona"]
[Site "Badalona ESP"]
[Date "2009.08.01"]
[Round "1.5"]
[White "Sundararajan, Kidambi"]
[Black "Guasch Sariol, Jaume"]
[Result "1-0"]
[WhiteElo "2506"]
[BlackElo "2117"]
[PlyCount "73"]
[EventDate "2009.08.01"]
[EventType "swiss"]
[EventRounds "9"]
[EventCountry "ESP"]
[Source "lmi"]
[SourceDate "2009.08.01"]

1. Nf3 f5 2. g3 Nf6 3. Bg2 g6 4. O-O Bg7 5. d4 O-O 6. b3 d6 7. Bb2 Qe8 8. c4 c6
9. Qc2 Na6 10. Nbd2 Bd7 11. a3 Nc7 12. Rae1 h6 13. e4 fxe4 14. Nxe4 Qf7 15. Qd2
Nxe4 16. Rxe4 Bf5 17. Re3 g5 18. Rfe1 Rae8 19. Qe2 Bf6 20. Nd2 d5 21. h3 Qg7
22. Nf3 g4 23. hxg4 Bxg4 24. Qd3 h5 25. Ne5 Bg5 26. Nxg4 hxg4 27. Re5 Bf6 28.
cxd5 Rd8 29. dxc6 Bxe5 30. Qc4+ Qf7 31. Rxe5 Qxc4 32. bxc4 bxc6 33. Bxc6 Rb8
34. Re2 Rb6 35. d5 e6 36. c5 Rb3 37. dxe6 1-0

[Event "35. Open Ciutat de Badalona"]
[Site "Badalona ESP"]
[Date "2009.08.01"]
[Round "1.6"]
[White "Valiente Roy, Jose Javier"]
[Black "Panchanathan, Magesh Chandran"]
[Result "0-1"]
[WhiteElo "2110"]
[BlackElo "2493"]
[PlyCount "42"]
[EventDate "2009.08.01"]
[EventType "swiss"]
[EventRounds "9"]
[EventCountry "ESP"]
[Source "lmi"]
[SourceDate "2009.08.01"]

1. d4 Nf6 2. c4 e6 3. Nc3 Bb4 4. e3 c5 5. Nge2 cxd4 6. exd4 d5 7. a3 Be7 8.
cxd5 Nxd5 9. Nxd5 exd5 10. Nc3 Nc6 11. Be3 O-O 12. Bd3 f5 13. Rc1 f4 14. Qh5 h6
15. Qg6 Rf6 16. Qh7+ Kf7 17. Nxd5 Qxd5 18. Qh8 fxe3 19. Bc4 exf2+ 20. Kf1 Qxc4+
21. Rxc4 Be6 0-1

[Event "35. Open Ciutat de Badalona"]
[Site "Badalona ESP"]
[Date "2009.08.01"]
[Round "1.7"]
[White "Kalegin, Evgenij"]
[Black "Menac Comas, Joan Ramon"]
[Result "1/2-1/2"]
[WhiteElo "2489"]
[BlackElo "2107"]
[PlyCount "73"]
[EventDate "2009.08.01"]
[EventType "swiss"]
[EventRounds "9"]
[EventCountry "ESP"]
[Source "lmi"]
[SourceDate "2009.08.01"]

1. e4 c6 2. d4 d5 3. Nc3 dxe4 4. Nxe4 Nf6 5. Ng3 g6 6. Nf3 Bg7 7. c3 O-O 8. Bc4
Bg4 9. h3 Bxf3 10. Qxf3 Nbd7 11. O-O e5 12. Rd1 exd4 13. cxd4 Nb6 14. Bb3 Nbd5
15. Bg5 Qd6 16. a3 h6 17. Bd2 Rfe8 18. Rac1 Rad8 19. Ba2 Rd7 20. Bb1 Rde7 21.
b4 a6 22. Qb3 Re6 23. a4 Nf4 24. Qf3 Ne2+ 25. Nxe2 Rxe2 26. Bd3 R2e7 27. b5
axb5 28. axb5 Nd5 29. bxc6 bxc6 30. Rc4 Re6 31. Rdc1 Qd7 32. h4 h5 33. g3 Ne7
34. Be3 Nd5 35. Bd2 Ne7 36. Be3 Nd5 37. Bd2 1/2-1/2

[Event "35. Open Ciutat de Badalona"]
[Site "Badalona ESP"]
[Date "2009.08.01"]
[Round "1.8"]
[White "Sharaibi, Olufemi"]
[Black "Bacallao Alonso, Yusnel"]
[Result "0-1"]
[WhiteElo "2103"]
[BlackElo "2467"]
[PlyCount "94"]
[EventDate "2009.08.01"]
[EventType "swiss"]
[EventRounds "9"]
[EventCountry "ESP"]
[Source "lmi"]
[SourceDate "2009.08.01"]

1. f4 d5 2. Nf3 g6 3. e3 Bg7 4. d4 Nf6 5. Bd3 O-O 6. O-O c5 7. c3 b6 8. Qe2 a5
9. Nbd2 Ba6 10. Bxa6 Nxa6 11. Ne5 Nc7 12. a4 Nce8 13. Ndf3 Nd6 14. Bd2 c4 15.
Be1 Qc7 16. Bh4 b5 17. axb5 Rab8 18. b6 Rxb6 19. Rxa5 Rfb8 20. Ra2 Nfe4 21. Ng5
f6 22. Nxe4 Nxe4 23. Ng4 Nd6 24. Nf2 Nf5 25. Bg3 Re6 26. Nd1 Re4 27. Qf3 h5 28.
Be1 e5 29. g4 hxg4 30. Qxg4 Qd7 31. Qh3 Re8 32. fxe5 fxe5 33. Bg3 exd4 34. cxd4
Qe6 35. Ra5 Rxe3 36. Nxe3 Qxe3+ 37. Kh1 Qe4+ 38. Kg1 Bxd4+ 39. Bf2 Bxf2+ 40.
Kxf2 Qd4+ 41. Kg2 Qd2+ 42. Kh1 Qxa5 43. Qg4 Qb6 44. Qg5 Qe6 45. Ra1 Qe4+ 46.
Kg1 Qe3+ 47. Qxe3 Rxe3 0-1

[Event "35. Open Ciutat de Badalona"]
[Site "Badalona ESP"]
[Date "2009.08.01"]
[Round "1.10"]
[White "Lorca Cortada, David"]
[Black "Ipatov, Alexander"]
[Result "0-1"]
[WhiteElo "2097"]
[BlackElo "2454"]
[PlyCount "90"]
[EventDate "2009.08.01"]
[EventType "swiss"]
[EventRounds "9"]
[EventCountry "ESP"]
[Source "lmi"]
[SourceDate "2009.08.01"]

1. e4 c5 2. Nf3 Nc6 3. d4 cxd4 4. Nxd4 Nf6 5. Nc3 d6 6. Be2 e5 7. Nb3 Be6 8.
Bg5 Be7 9. Qd2 a5 10. Bxf6 Bxf6 11. Bb5 O-O 12. Rd1 Nd4 13. Nxd4 exd4 14. Ne2
a4 15. Qb4 Qb6 16. a3 Rfc8 17. Bd3 Qxb4+ 18. axb4 Bc4 19. Kd2 b5 20. f4 Ra7 21.
Ra1 Rb7 22. Rhg1 Kf8 23. g3 g6 24. h4 d5 25. e5 Be7 26. Nxd4 Bxb4+ 27. c3 Bc5
28. h5 Bxd4 29. cxd4 Bxd3 30. Kxd3 Rbc7 31. hxg6 hxg6 32. g4 Rc2 33. Rh1 Ke7
34. f5 g5 35. Rh7 Rxb2 36. e6 b4 37. Rxf7+ Ke8 38. Ra3 bxa3 39. f6 Rcb8 40.
Re7+ Kf8 41. Rf7+ Kg8 42. Rg7+ Kh8 43. Rc7 R8b3+ 44. Rc3 Rxc3+ 45. Kxc3 Kg8 0-1

[Event "35. Open Ciutat de Badalona"]
[Site "Badalona ESP"]
[Date "2009.08.02"]
[Round "2.1"]
[White "Llaneza Vega, Patricia"]
[Black "Peralta, Fernando"]
[Result "0-1"]
[WhiteElo "2271"]
[BlackElo "2574"]
[PlyCount "90"]
[EventDate "2009.08.01"]
[EventType "swiss"]
[EventRounds "9"]
[EventCountry "ESP"]
[Source "lmi"]
[SourceDate "2009.08.01"]

1. e4 c6 2. d4 d5 3. Nc3 dxe4 4. Nxe4 Bf5 5. Ng3 Bg6 6. Bc4 e6 7. N1e2 Bd6 8.
O-O Qc7 9. f4 Ne7 10. Bd3 Nd7 11. f5 exf5 12. Bxf5 Nxf5 13. Nxf5 Bxh2+ 14. Kh1
Bxf5 15. Rxf5 Bd6 16. Nf4 O-O 17. Qg4 Rae8 18. Bd2 g6 19. Nd3 f6 20. Raf1 Rf7
21. R5f3 Bf8 22. Bf4 Qa5 23. a3 Bg7 24. Re3 Rxe3 25. Bxe3 Re7 26. Kg1 Qd5 27.
Qg3 Qc4 28. Qd6 Qe6 29. Qxe6+ Rxe6 30. Kf2 f5 31. d5 cxd5 32. Bxa7 Nf6 33. Kf3
Ne4 34. Be3 g5 35. g4 fxg4+ 36. Kxg4 h5+ 37. Kh3 g4+ 38. Kg2 Ng3 39. Kxg3 Rxe3+
40. Kh4 Rh3+ 41. Kg5 Kh7 42. Rf7 Re3 43. Kxh5 g3 44. Nf4 Rf3 45. Kg4 Rxf4+ 0-1

[Event "35. Open Ciutat de Badalona"]
[Site "Badalona ESP"]
[Date "2009.08.02"]
[Round "2.2"]
[White "Narciso Dublan, Marc"]
[Black "Gomez Jurado, Luis Alberto"]
[Result "1-0"]
[WhiteElo "2553"]
[BlackElo "2282"]
[PlyCount "79"]
[EventDate "2009.08.01"]
[EventType "swiss"]
[EventRounds "9"]
[EventCountry "ESP"]
[Source "lmi"]
[SourceDate "2009.08.01"]

1. e4 c5 2. Nc3 d6 3. g3 g6 4. Bg2 Bg7 5. d3 Nc6 6. Be3 e6 7. Nf3 Rb8 8. Qd2 b5
9. O-O b4 10. Nd1 Nge7 11. Bh6 O-O 12. Bxg7 Kxg7 13. Ne3 d5 14. exd5 Nxd5 15.
Nxd5 Qxd5 16. Ng5 Qd6 17. Ne4 Qe7 18. a3 a5 19. axb4 axb4 20. c3 f5 21. Ng5 Nd8
22. Qe3 Qc7 23. cxb4 h6 24. Nf3 Rxb4 25. Rfc1 Nf7 26. Rxc5 Qb6 27. Ne5 Rxb2 28.
Nxf7 Kxf7 29. Rac1 Bd7 30. Qxh6 Rc8 31. d4 Rb1 32. h4 Qb2 33. Rxb1 Qxb1+ 34.
Kh2 Rxc5 35. dxc5 Qb5 36. Qh7+ Kf6 37. Qh8+ Kf7 38. Qd8 Qa4 39. Qc7 Kf6 40. c6
1-0

[Event "35. Open Ciutat de Badalona"]
[Site "Badalona ESP"]
[Date "2009.08.02"]
[Round "2.3"]
[White "Kulkarni, Chinmay"]
[Black "Cruz, Cristhian"]
[Result "1/2-1/2"]
[WhiteElo "2259"]
[BlackElo "2525"]
[PlyCount "111"]
[EventDate "2009.08.01"]
[EventType "swiss"]
[EventRounds "9"]
[EventCountry "ESP"]
[Source "lmi"]
[SourceDate "2009.08.01"]

1. e4 e6 2. d4 d5 3. Nd2 Nf6 4. e5 Nfd7 5. f4 c5 6. c3 Nc6 7. Ndf3 Qb6 8. g3
cxd4 9. cxd4 Bb4+ 10. Kf2 O-O 11. Kg2 f6 12. Bd3 Be7 13. Ne2 a5 14. a3 a4 15.
Rb1 Qa7 16. Rf1 f5 17. h3 Rd8 18. g4 Nf8 19. Kh2 Bd7 20. Rg1 b5 21. gxf5 exf5
22. Ng3 Nxd4 23. Nxd4 Qxd4 24. Bxf5 Qxd1 25. Rxd1 g6 26. Bxd7 Rxd7 27. f5 Re8
28. Be3 Bh4 29. e6 Rc7 30. Rxd5 Rc2+ 31. Rd2 Rxd2+ 32. Bxd2 Bxg3+ 33. Kxg3 gxf5
34. Rf1 Nxe6 35. Rxf5 Nd4 36. Rd5 Re4 37. Ba5 Kf7 38. Bb6 Nc6 39. Rxb5 Kf6 40.
Bf2 Ne5 41. Rd5 Ke6 42. Rd4 Rxd4 43. Bxd4 Nd3 44. Kf3 Kd5 45. Ke3 Nf4 46. Kxf4
Kxd4 47. Kg5 Kc4 48. Kh6 Kb3 49. Kxh7 Kxb2 50. h4 Kxa3 51. h5 Kb3 52. Kg8 a3
53. h6 a2 54. h7 a1=Q 55. h8=Q Qxh8+ 56. Kxh8 1/2-1/2

[Event "35. Open Ciutat de Badalona"]
[Site "Badalona ESP"]
[Date "2009.08.02"]
[Round "2.6"]
[White "Panchanathan, Magesh Chandran"]
[Black "Randazzo, Adrian"]
[Result "1-0"]
[WhiteElo "2493"]
[BlackElo "2240"]
[PlyCount "91"]
[EventDate "2009.08.01"]
[EventType "swiss"]
[EventRounds "9"]
[EventCountry "ESP"]
[Source "lmi"]
[SourceDate "2009.08.01"]

1. Nf3 c5 2. g3 Nc6 3. Bg2 g6 4. d4 cxd4 5. Nxd4 Nf6 6. O-O Bg7 7. c4 O-O 8.
Nc3 Nxd4 9. Qxd4 d6 10. Qd3 a6 11. Bf4 Bf5 12. Qd2 Qd7 13. Rac1 Bh3 14. Rfd1
Bxg2 15. Kxg2 Rfc8 16. b3 b5 17. cxb5 axb5 18. f3 Qb7 19. Bg5 b4 20. Na4 Rxc1
21. Qxc1 Rc8 22. Qd2 Qb5 23. Be3 Nd7 24. Bf2 h5 25. Qe3 Bf6 26. Qe4 Kf8 27. Rd2
Kg7 28. h3 Rc6 29. Rd5 Qb7 30. g4 hxg4 31. hxg4 Be5 32. g5 f5 33. Qd3 Qa6 34.
Qxa6 Rxa6 35. Rb5 Nc5 36. Bxc5 dxc5 37. Nxc5 Rc6 38. Nd3 Bd6 39. Nxb4 Bxb4 40.
Rxb4 Rc2 41. a4 Rxe2+ 42. Kg3 e5 43. a5 f4+ 44. Kh3 Rf2 45. a6 Rxf3+ 46. Kh4
1-0

[Event "35. Open Ciutat de Badalona"]
[Site "Badalona ESP"]
[Date "2009.08.02"]
[Round "2.7"]
[White "Bacallao Alonso, Yusnel"]
[Black "Sousa, Armindo"]
[Result "1-0"]
[WhiteElo "2467"]
[BlackElo "2215"]
[PlyCount "98"]
[EventDate "2009.08.01"]
[EventType "swiss"]
[EventRounds "9"]
[EventCountry "ESP"]
[Source "lmi"]
[SourceDate "2009.08.01"]

1. e4 d6 2. d4 Nf6 3. Nc3 g6 4. g3 Bg7 5. Bg2 O-O 6. Nge2 e5 7. O-O Nc6 8. dxe5
dxe5 9. Qxd8 Nxd8 10. Be3 Ne6 11. h3 c6 12. Rfd1 Re8 13. a4 a5 14. Nc1 Nd7 15.
Nb3 h5 16. Nb1 h4 17. Na3 hxg3 18. fxg3 Bf8 19. Nc4 Nec5 20. Ncxa5 Nxb3 21.
Nxb3 Nf6 22. a5 Nh5 23. Bf2 Be6 24. Kh2 Bxb3 25. cxb3 Red8 26. Bb6 Rxd1 27.
Rxd1 Bb4 28. Bc7 Re8 29. h4 Nf6 30. Bf3 Kg7 31. g4 g5 32. Kg3 gxh4+ 33. Kxh4
Bc5 34. g5 Bf2+ 35. Kh3 Nh7 36. Kg4 Be3 37. Bd8 Bd4 38. Bb6 Bxb6 39. axb6 Re7
40. Rd8 Nf8 41. Rb8 Ne6 42. Be2 Nc5 43. Kf5 Nxb3 44. Bd1 Nd4+ 45. Kg4 c5 46.
Ba4 c4 47. Re8 Rxe8 48. Bxe8 Ne6 49. Kf5 Nc5 1-0

[Event "35. Open Ciutat de Badalona"]
[Site "Badalona ESP"]
[Date "2009.08.02"]
[Round "2.10"]
[White "Tscharotschkin, Michael"]
[Black "Rojas Keim, Luis"]
[Result "0-1"]
[WhiteElo "2208"]
[BlackElo "2453"]
[PlyCount "74"]
[EventDate "2009.08.01"]
[EventType "swiss"]
[EventRounds "9"]
[EventCountry "ESP"]
[Source "lmi"]
[SourceDate "2009.08.01"]

1. e4 d5 2. exd5 Qxd5 3. Nc3 Qa5 4. d4 Nf6 5. Nf3 c6 6. Bd2 Bf5 7. Bc4 e6 8.
Nd5 Qd8 9. Nxf6+ Qxf6 10. h4 Bg4 11. Bg5 Bxf3 12. gxf3 Qf5 13. Qe2 Be7 14. Rg1
Bxg5 15. Rxg5 Qf6 16. O-O-O Nd7 17. d5 cxd5 18. Bxd5 O-O 19. Bxb7 Rad8 20. Qe4
Qh6 21. Qf4 e5 22. Qe3 Qxh4 23. Rdg1 g6 24. R5g4 Qf6 25. Rh1 Rfe8 26. Rgh4 Nf8
27. Qxa7 Rd7 28. Qa4 Red8 29. Rb4 Rxb7 30. Rxb7 Qxf3 31. Qh4 Qxb7 32. Qxd8
Qxh1+ 33. Kd2 Qf3 34. Ke1 h5 35. b3 Qe4+ 36. Kd2 h4 37. a4 h3 0-1

[Event "35. Open Ciutat de Badalona"]
[Site "Badalona ESP"]
[Date "2009.08.03"]
[Round "3.1"]
[White "Peralta, Fernando"]
[Black "Satyapragyan, Swayangsu"]
[Result "1-0"]
[WhiteElo "2574"]
[BlackElo "2423"]
[PlyCount "75"]
[EventDate "2009.08.01"]
[EventType "swiss"]
[EventRounds "9"]
[EventCountry "ESP"]
[Source "lmi"]
[SourceDate "2009.08.01"]

1. d4 Nf6 2. c4 c5 3. d5 e5 4. Nc3 d6 5. e4 Nbd7 6. Nf3 a6 7. a3 Be7 8. b4 O-O
9. Be2 b6 10. O-O Ne8 11. Rb1 g6 12. Bh6 Ng7 13. Qd2 Nf6 14. Ne1 Kh8 15. Be3
Ng8 16. Nd3 f5 17. f4 exf4 18. Bxf4 fxe4 19. Nxe4 Bf5 20. Nc3 b5 21. Rbe1 bxc4
22. Nf2 cxb4 23. axb4 Rc8 24. g4 g5 25. Be3 Bg6 26. Nfe4 h6 27. Rxf8 Bxf8 28.
Bd4 Kh7 29. Bd1 Rb8 30. Bc2 Rxb4 31. Ng3 Bd3 32. Nce4 a5 33. Bxd3 cxd3 34. Qxd3
Kh8 35. Nh5 Qe7 36. Rf1 Rxd4 37. Qxd4 Nf6 38. Nhxf6 1-0

[Event "35. Open Ciutat de Badalona"]
[Site "Badalona ESP"]
[Date "2009.08.03"]
[Round "3.2"]
[White "Garcia Castro, Pablo"]
[Black "Narciso Dublan, Marc"]
[Result "0-1"]
[WhiteElo "2390"]
[BlackElo "2553"]
[PlyCount "170"]
[EventDate "2009.08.01"]
[EventType "swiss"]
[EventRounds "9"]
[EventCountry "ESP"]
[Source "lmi"]
[SourceDate "2009.08.01"]

1. e4 Nf6 2. d3 d5 3. Nd2 Bg4 4. Ngf3 e6 5. Be2 Be7 6. c3 O-O 7. Qb3 Nbd7 8. e5
Ne8 9. d4 Rb8 10. Nf1 c5 11. Ng3 b5 12. Be3 b4 13. c4 Nc7 14. O-O dxc4 15. Bxc4
Bxf3 16. gxf3 cxd4 17. Bxd4 Nb5 18. Rad1 Qc7 19. f4 Nxd4 20. Rxd4 Nb6 21. Be2
Rfd8 22. Re4 g6 23. Rd1 Bc5 24. Rxd8+ Rxd8 25. a3 a5 26. axb4 Bxb4 27. Nf1 Qc6
28. Bf3 Qb5 29. Ne3 Qd3 30. Rxb4 axb4 31. Qxb4 Nc8 32. Bb7 Qd7 33. Kg2 h5 34.
Be4 Ne7 35. Qb3 Qd4 36. Kf3 Kg7 37. Qb5 Nf5 38. Bxf5 gxf5 39. Qb7 h4 40. Qe7
Qe4+ 41. Ke2 Qd3+ 42. Kf3 Qe4+ 43. Ke2 Rc8 44. Qg5+ Kf8 45. Qxh4 Ke8 46. Qh8+
Kd7 47. Qh5 Rc2+ 48. Ke1 Qh1+ 49. Nf1 Qe4+ 50. Ne3 Qh1+ 51. Nf1 Rc1+ 52. Kd2
Qxf1 53. Qxf7+ Kd8 54. Qf8+ Kc7 55. Qd6+ Kb7 56. Qb4+ Kc8 57. Qf8+ Kb7 58. Qb4+
Ka6 59. Qa4+ Kb6 60. Qb4+ Kc6 61. Qd6+ Kb5 62. Qb8+ Ka4 63. Qa7+ Kb5 64. Qb7+
Kc4 65. Qc6+ Kd4 66. Qxc1 Qxf2+ 67. Kd1 Qf1+ 68. Kd2 Qxf4+ 69. Kd1 Qf1+ 70. Kd2
Qf2+ 71. Kd1 Qf3+ 72. Kd2 Qe3+ 73. Kd1 Qf3+ 74. Kd2 Qg2+ 75. Kd1 Qh1+ 76. Kc2
Qxh2+ 77. Kb3 Qg3+ 78. Kb4 Qe3 79. Qc5+ Ke4 80. Qd6 Qd4+ 81. Ka5 Qxe5+ 82.
Qxe5+ Kxe5 83. b4 f4 84. b5 f3 85. b6 Kd6 0-1

[Event "35. Open Ciutat de Badalona"]
[Site "Badalona ESP"]
[Date "2009.08.03"]
[Round "3.4"]
[White "Vehi Bach, Victor Manuel"]
[Black "Panchanathan, Magesh Chandran"]
[Result "0-1"]
[WhiteElo "2387"]
[BlackElo "2493"]
[PlyCount "58"]
[EventDate "2009.08.01"]
[EventType "swiss"]
[EventRounds "9"]
[EventCountry "ESP"]
[Source "lmi"]
[SourceDate "2009.08.01"]

1. e4 e5 2. Nf3 Nc6 3. Bb5 a6 4. Ba4 Nf6 5. Qe2 b5 6. Bb3 Be7 7. O-O O-O 8. c3
d6 9. Rd1 Bg4 10. h3 Bh5 11. d3 Re8 12. Nbd2 Na5 13. Bc2 c5 14. Nf1 Nd7 15. Ng3
Bg6 16. d4 exd4 17. cxd4 Bf6 18. Bf4 Nc4 19. b3 Na3 20. Bd3 b4 21. Bxd6 Qb6 22.
e5 cxd4 23. Bxg6 hxg6 24. Rac1 Nb5 25. Bxb4 Nxe5 26. Ne4 d3 27. Nxf6+ gxf6 28.
Qb2 Nxf3+ 29. gxf3 Re2 0-1

[Event "35. Open Ciutat de Badalona"]
[Site "Badalona ESP"]
[Date "2009.08.03"]
[Round "3.5"]
[White "Perpinya Rofes, Lluis Maria"]
[Black "Bacallao Alonso, Yusnel"]
[Result "0-1"]
[WhiteElo "2387"]
[BlackElo "2467"]
[PlyCount "92"]
[EventDate "2009.08.01"]
[EventType "swiss"]
[EventRounds "9"]
[EventCountry "ESP"]
[Source "lmi"]
[SourceDate "2009.08.01"]

1. e4 e5 2. Nf3 Nc6 3. Bb5 a6 4. Ba4 Nf6 5. O-O Be7 6. Re1 b5 7. Bb3 O-O 8. c3
d5 9. exd5 Nxd5 10. Nxe5 Nxe5 11. Rxe5 c6 12. d4 Bd6 13. Re1 Qh4 14. g3 Qh3 15.
Be3 Bg4 16. Qd3 Rae8 17. Nd2 Re6 18. a4 Rfe8 19. Bxd5 cxd5 20. axb5 axb5 21.
Qxb5 Qh5 22. c4 dxc4 23. Qxh5 Bxh5 24. Nxc4 Bb4 25. Rec1 Bf3 26. Ne5 Be4 27.
Ra7 f6 28. Nd7 Bf3 29. Rac7 Ra6 30. Nc5 Raa8 31. Nd3 Bf8 32. Bd2 Re2 33. Bc3
Be4 34. Nf4 Rc2 35. Re1 Bf3 36. d5 Bd6 37. Rd7 Bc5 38. Nd3 Bf8 39. Re3 Bg4 40.
Rc7 Bh3 41. Re1 Rd8 42. Nf4 Bd6 43. Rb7 Bc8 44. Rb5 Bd7 45. Ne6 Bxb5 46. Nxd8
Bc5 0-1

[Event "35. Open Ciutat de Badalona"]
[Site "Badalona ESP"]
[Date "2009.08.03"]
[Round "3.6"]
[White "Brandenburg, Daan"]
[Black "Mestre Bellido, Hector"]
[Result "1-0"]
[WhiteElo "2463"]
[BlackElo "2292"]
[PlyCount "43"]
[EventDate "2009.08.01"]
[EventType "swiss"]
[EventRounds "9"]
[EventCountry "ESP"]
[Source "lmi"]
[SourceDate "2009.08.01"]

1. e4 e5 2. Nf3 Nc6 3. d4 exd4 4. Bc4 Nf6 5. Ng5 Ne5 6. Bb3 h6 7. f4 hxg5 8.
fxe5 Nxe4 9. Bd5 Bb4+ 10. c3 dxc3 11. bxc3 Nxc3 12. Bxf7+ Kxf7 13. O-O+ Ke8 14.
Nxc3 Qe7 15. Qd3 Qxe5 16. Qg6+ Kd8 17. Bxg5+ Be7 18. Qh5 Re8 19. Rf5 Qd4+ 20.
Kh1 Bf6 21. Qg6 Re6 22. Qxg7 1-0

[Event "35. Open Ciutat de Badalona"]
[Site "Badalona ESP"]
[Date "2009.08.03"]
[Round "3.7"]
[White "Ramiro Ovejero, Juan Luis"]
[Black "Ipatov, Alexander"]
[Result "1/2-1/2"]
[WhiteElo "2348"]
[BlackElo "2454"]
[PlyCount "37"]
[EventDate "2009.08.01"]
[EventType "swiss"]
[EventRounds "9"]
[EventCountry "ESP"]
[Source "lmi"]
[SourceDate "2009.08.01"]

1. e4 e5 2. Bc4 c6 3. Nf3 d5 4. exd5 cxd5 5. Bb5+ Bd7 6. Qe2 f6 7. O-O Bxb5 8.
Qxb5+ Qd7 9. Qe2 Nc6 10. c4 dxc4 11. Qxc4 Nge7 12. d4 e4 13. Nfd2 f5 14. Nb3
Nd5 15. Nc3 Ncb4 16. f3 e3 17. f4 Rc8 18. Qe2 Kf7 19. a3 1/2-1/2

[Event "35. Open Ciutat de Badalona"]
[Site "Badalona ESP"]
[Date "2009.08.03"]
[Round "3.9"]
[White "Vedder, Richard"]
[Black "Panelo, Marcelo"]
[Result "0-1"]
[WhiteElo "2333"]
[BlackElo "2448"]
[PlyCount "124"]
[EventDate "2009.08.01"]
[EventType "swiss"]
[EventRounds "9"]
[EventCountry "ESP"]
[Source "lmi"]
[SourceDate "2009.08.01"]

1. b3 e5 2. Bb2 Nc6 3. e3 Nf6 4. Bb5 Bd6 5. Na3 Na5 6. Be2 a6 7. c4 Nc6 8. Nc2
O-O 9. Nh3 Be7 10. O-O d6 11. Ng5 h6 12. Nf3 e4 13. Nfe1 d5 14. f3 Be6 15. cxd5
Bxd5 16. fxe4 Bxe4 17. d3 Bg6 18. e4 Re8 19. Kh1 Qd7 20. Rc1 Rad8 21. Ne3 Nd4
22. Rc4 c5 23. Bxd4 cxd4 24. Nf5 Bxf5 25. Rxf5 b5 26. Rc2 Bb4 27. Rxf6 gxf6 28.
Bg4 f5 29. Bh3 Re5 30. Nf3 Rc5 31. Rxc5 Bxc5 32. Bxf5 Qc7 33. Qc1 Kg7 34. e5
Bd6 35. Qf4 Ba3 36. Qg4+ Kh8 37. h3 Qc1+ 38. Kh2 Be7 39. Qh5 Rf8 40. h4 Qe3 41.
Be4 f5 42. exf6 Qf4+ 43. Kh1 Qxf6 44. Qd5 Bd6 45. Kg1 Rc8 46. Qb7 Rc1+ 47. Kf2
Rc2+ 48. Kf1 Rc1+ 49. Ke2 Qg7 50. Qxg7+ Kxg7 51. Nxd4 Bf8 52. g4 Ra1 53. g5
Rxa2+ 54. Kf3 hxg5 55. hxg5 Be7 56. Nf5+ Kf8 57. Nxe7 Kxe7 58. Ke3 Rc2 59. Kd4
a5 60. Bd5 a4 61. bxa4 bxa4 62. g6 Kf6 0-1

[Event "35. Open Ciutat de Badalona"]
[Site "Badalona ESP"]
[Date "2009.08.03"]
[Round "3.10"]
[White "Lasinskas, Povilas"]
[Black "Matsenko, Sergei"]
[Result "1/2-1/2"]
[WhiteElo "2268"]
[BlackElo "2432"]
[PlyCount "90"]
[EventDate "2009.08.01"]
[EventType "swiss"]
[EventRounds "9"]
[EventCountry "ESP"]
[Source "lmi"]
[SourceDate "2009.08.01"]

1. d4 d5 2. Bg5 f6 3. Bh4 Nh6 4. f3 Nc6 5. e4 dxe4 6. d5 Nf5 7. fxe4 Nxh4 8.
Qh5+ Ng6 9. dxc6 Qd4 10. Nc3 bxc6 11. Nf3 Qe3+ 12. Be2 Ba6 13. Nd4 Bxe2 14.
Ndxe2 Rd8 15. Rd1 e5 16. Rf1 Rxd1+ 17. Kxd1 Bb4 18. Rf3 Qc5 19. a3 Bxc3 20.
Rxc3 Qf2 21. Qh3 Ke7 22. Rd3 Qf1+ 23. Kd2 Qxe2+ 24. Kxe2 Nf4+ 25. Kf2 Nxh3+ 26.
Rxh3 Rd8 27. Rxh7 Rd2+ 28. Kf3 Kf7 29. Rh8 Rxc2 30. Rc8 Rxb2 31. Rxc7+ Kg6 32.
Rxa7 Rb3+ 33. Kf2 c5 34. Rc7 Rxa3 35. Rxc5 Kg5 36. Rc7 Kf4 37. Rxg7 Ra2+ 38.
Kf1 Kxe4 39. h4 Kf4 40. h5 Ra1+ 41. Kf2 Rh1 42. g3+ Ke4 43. Rh7 Rh2+ 44. Kg1
Ra2 45. Rf7 Kf3 1/2-1/2

[Event "35. Open Ciutat de Badalona"]
[Site "Badalona ESP"]
[Date "2009.08.04"]
[Round "4.1"]
[White "Bacallao Alonso, Yusnel"]
[Black "Peralta, Fernando"]
[Result "1/2-1/2"]
[WhiteElo "2467"]
[BlackElo "2574"]
[PlyCount "94"]
[EventDate "2009.08.01"]
[EventType "swiss"]
[EventRounds "9"]
[EventCountry "ESP"]
[Source "lmi"]
[SourceDate "2009.08.01"]

1. c4 e6 2. b3 d5 3. Bb2 Nf6 4. Nf3 c5 5. g3 Nc6 6. Bg2 d4 7. O-O e5 8. d3 Bd6
9. e3 O-O 10. exd4 exd4 11. Na3 Bf5 12. Nc2 a5 13. Qd2 Qd7 14. Rfe1 h6 15. a3
Bh3 16. Bh1 a4 17. b4 b6 18. b5 Na5 19. Rab1 Nb3 20. Qd1 Bg4 21. Na1 Qf5 22.
Nxb3 axb3 23. Nh4 Qh5 24. f3 Bc8 25. Qxb3 g5 26. Ng2 Bb7 27. Rf1 Rae8 28. Qd1
Qh3 29. Qd2 Bxg3 30. hxg3 Nh5 31. Ne1 Nxg3 32. Bg2 Qh4 33. Rf2 f5 34. Nc2 f4
35. Re1 Bc8 36. a4 Bh3 37. Bxh3 Qxh3 38. Rh2 Re2 39. Qxe2 Nxe2+ 40. Rexe2 Qg3+
41. Rhg2 Qxf3 42. Ne1 Qh5 43. Rh2 Qg4+ 44. Rhg2 Qf5 45. Bc1 Ra8 46. Re4 Kf7 47.
Nf3 Re8 1/2-1/2